000 00621nam a2200205Ia 4500
001 16989
003 GE_BSU
008 181216s||||||||xx |||||||||||||| ||und||
040 _cGE_BSU
080 _a821.353.1-1
100 _aამისულაშვილი, შალვა
245 _aბალადა სიყვარულისა.
245 _cრედ.ი.ხოშტარია
260 _aთბილისი
260 _bსახელგამი
260 _c1953
300 _a115გვ. ; 19სმ.
653 _aბალადა სიყვარულისა
942 _cBK
999 _c50051
_d50051